| 000 | 00565nam a2200181Ia 4500 | ||
|---|---|---|---|
| 008 | 100920s9999 xx 000 0 und d | ||
| 082 |
_b98057 _a200 थ 94 |
||
| 100 | _aआचार्य श्रीराम शर्मा. | ||
| 245 | _aअमृतवाणी. | ||
| 260 |
_bयुग निर्माण मथुरा. _c1994 |
||
| 300 |
_a46 _bसाधी |
||
| 365 | _b3 | ||
| 520 | _aधार्मिक. | ||
| 630 | _aअमृतवाणी. | ||
| 650 | _aधार्मिक. | ||
| 730 | _aअमृतवाणी. | ||
| 942 | _cBOOK | ||
| 999 |
_c738495 _d738492 |
||